000 00379cam a2200157ua 4500
020 _a981-214-433-1
041 _aeng
_h
082 _a005.43
_bTHO/DO
100 _aThomas, Robert M .
245 _aDOS 6 /
_cM.Robert Thomas.
_hTextual Documents
260 _aSingapore :
_bTech Publications ,
_c1993.
300 _a317 ; .
504 _a
942 _cBK
999 _c6541
_d6541